000 01500nam2a22002651 4500
001 v19\rc\1619011
005 20250618225945.0
035 _a(NLR Aleph) 004736851
090 _a4474600
_c4474600
100 _a20061002d1898 |||y0rusy50 ca
101 0 _arus
102 _aRU
105 _aa z |||||
200 1 _aГлинобитные стены
210 _d1898
_aБ. м.
215 _a40 с.
_cил.
461 0 _1001v19\rc\1619010
_12001#$aПрактическое руководство по устройству дешевых несгораемых построек$fСост. С.Б. Лукашевич, инж.-архитектор, инж. пут. сообщ. экстраординар. проф. Ин-та гражд. инж. Вып. 1-$vВып. 1
_1700#1$aЛукашевич$bС.Б.$f1850-$gСильвиуш Болеславович$4220
_94474598
_aЛукашевич, С.Б. (1850-)
_cСанкт-Петербург
_d1898
_fСост. С.Б. Лукашевич, инж.-архитектор, инж. пут. сообщ. экстраординар. проф. Ин-та гражд. инж. Вып. 1-
_nтип. Е. Евдокимова
_tПрактическое руководство по устройству дешевых несгораемых построек
_vВып. 1
801 0 _aRU
_bNLR
_gpsbo
801 0 _aRU
_bRuMoRGB
_2psbo
801 1 _aRU
_bProSoft-M
_2rusmarc
852 _aNLR
_j20.64.1.19
899 _aRuMoRGB
_jS 105/100
899 _aБАН
942 _cBOOK
980 _aNB